000 01083nas a2200313 4500
001 BR2011008106
003 BR-BrBNA
005 20231205115838.0
007 ta
008 230509b bl.|||p| |||| 00| 00por d
040 _aBR-BrBNA
_bpor
_cBiblioteca Nacional de Agricultura
041 _a(Pt)
072 _aL74
100 1 _aMotta, A.C. da
100 1 _aDuda, N.C.B.
100 1 _aValle, S. de F.
100 1 _aMachado, T.P.
100 1 _aEdelweiss, M.I.A.
245 1 _aPseudotumor inflamatório subcutâneo em um cão: achados anátomo-patológicos e imunoistoquímicos
246 1 _aSubcutaneous inflammatory pseudotumor in a dog: pathological and immunohistochemical features
650 _aCÃO
650 _aLESÃO CUTÂNEA
650 _aSARCOMA
650 _aNEOPLASIA
650 _aVETERINÁRIA
773 0 _tMEDVEP. Revista Científica de Medicina Veterinária. Pequenos Animais e Animais de Estimação (Brazil)
_xISSN 1678-1430
_g(Aug-Oct 2011), v. 9(30) p. 523-527
_wBR2011008106
909 _a202311
_bLúcia
_c55
_dLúcia Elande
942 _2AGRIS
_n0
_cANA
999 _c215987
_d215987